[Event "SRB-chT3 North CS"]
[Site "Serbia"]
[Date "2017.10.13"]
[Round "7.6"]
[White "Lazic, Miodrag"]
[Black "Gavrilovic, Sasa"]
[Result "1-0"]
[WhiteElo "2013"]
[BlackElo "2196"]
[PlyCount "31"]
[EventDate "2017.09.03"]
[EventType "team-tourn"]
[EventRounds "11"]
[EventCountry "SRB"]
[SourceTitle "EXT 2021"]
[Source "ChessBase"]
[SourceDate "2020.10.23"]
[SourceVersion "1"]
[SourceVersionDate "2020.10.23"]
[SourceQuality "1"]

1. e4 c5 2. Nc3 e6 3. Nge2 a6 4. g3 b5 5. Bg2 Bb7 6. 0-0 Nf6 7. d3 Be7 8. e5 Nd5 9. Nxd5 Bxd5 10. Bxd5 exd5 11. Nf4 d4 12. Qg4 g6 13. Nd5 h5 14. Qf4 Ra7 15. Nf6+ Kf8 16. Qh6+ 1-0

[Event "SRB-CupT Central"]
[Site "Serbia"]
[Date "2013.04.28"]
[Round "8.8"]
[White "Lazic, Miodrag"]
[Black "Mitrovic, Mikica"]
[Result "1-0"]
[WhiteElo "2013"]
[BlackElo "1974"]
[PlyCount "75"]
[EventDate "2013.03.24"]
[EventType "team-tourn"]
[EventRounds "8"]
[EventCountry "SRB"]
[SourceTitle "EXT 2018"]
[Source "ChessBase"]
[SourceDate "2017.10.13"]
[SourceVersion "1"]
[SourceVersionDate "2017.10.13"]
[SourceQuality "1"]

1. e4 d6 2. g3 Nf6 3. Bg2 g6 4. Ne2 Bg7 5. 0-0 0-0 6. d4 e5 7. h3 Nc6 8. Be3 Nh5 9. Qd2 f5 10. exf5 gxf5 11. Bg5 Qe8 12. dxe5 dxe5 13. Nbc3 Be6 14. Rad1 Qg6 15. Nd5 Rf7 16. Kh1 Rd7 17. b4 Re8 18. c4 Kh8 19. b5 Nd8 20. Qc1 Nf7 21. Be3 Nd6 22. Nxc7 Rxc7 23. Rxd6 Bf8 24. Rxe6 Qxe6 25. Bd5 Qg6 26. Rd1 Nf6 27. Bg2 Qh5 28. Qc2 Rec8 29. Qb2 Bg7 30. Rd2 Ne4 31. Rc2 b6 32. Qc1 Nd6 33. c5 bxc5 34. a4 Ne4 35. Kh2 Qf7 36. Rc4 Nd6 37. Rc2 c4 38. Nc3 1-0

[Event "SRB-CupT Central"]
[Site "Serbia"]
[Date "2013.04.27"]
[Round "7.10"]
[White "Arandjelovic, Aleksandar Z"]
[Black "Lazic, Miodrag"]
[Result "1-0"]
[WhiteElo "2015"]
[BlackElo "2013"]
[PlyCount "79"]
[EventDate "2013.03.24"]
[EventType "team-tourn"]
[EventRounds "8"]
[EventCountry "SRB"]
[SourceTitle "EXT 2018"]
[Source "ChessBase"]
[SourceDate "2017.10.13"]
[SourceVersion "1"]
[SourceVersionDate "2017.10.13"]
[SourceQuality "1"]

1. d4 Nf6 2. c4 g6 3. Nc3 d5 4. cxd5 Nxd5 5. e4 Nxc3 6. bxc3 Bg7 7. Nf3 0-0 8. Be2 c5 9. Rb1 cxd4 10. cxd4 Qa5+ 11. Bd2 Qxa2 12. 0-0 Nc6 13. d5 Ne5 14. Nd4 Nc4 15. Bc3 Qa3 16. Nb5 Qc5 17. Bxg7 Kxg7 18. Qc2 a6 19. Qc3+ Kg8 20. Qxc4 Qxc4 21. Bxc4 axb5 22. Bxb5 Ra5 23. h3 Rd8 24. Rfc1 Kf8 25. Rc7 h6 26. f4 f6 27. Kf2 h5 28. Rb2 h4 29. Ke3 Ra3+ 30. Kd4 b6 31. Rbc2 Ba6 32. Ra7 Bxb5 33. Rxa3 Bd7 34. Rc7 e6 35. Raa7 Ke7 36. e5 exd5 37. Kxd5 fxe5 38. fxe5 Ke8 39. e6 Bb5+ 40. Ke5 1-0

[Event "SRB-CupT Central"]
[Site "Serbia"]
[Date "2013.04.27"]
[Round "6.8"]
[White "Lazic, Miodrag"]
[Black "Markovic, Dragan M"]
[Result "0-1"]
[WhiteElo "2013"]
[BlackElo "2021"]
[PlyCount "58"]
[EventDate "2013.03.24"]
[EventType "team-tourn"]
[EventRounds "8"]
[EventCountry "SRB"]
[SourceTitle "EXT 2018"]
[Source "ChessBase"]
[SourceDate "2017.10.13"]
[SourceVersion "1"]
[SourceVersionDate "2017.10.13"]
[SourceQuality "1"]

1. e4 c6 2. d4 d5 3. e5 Bf5 4. Nc3 e6 5. g4 Bg6 6. Nge2 c5 7. Be3 cxd4 8. Nxd4 h5 9. Bd3 Bxd3 10. cxd3 hxg4 11. Qxg4 Rh4 12. Qg3 Rh5 13. Ncb5 a6 14. Nd6+ Bxd6 15. exd6 Kf8 16. Rc1 Nd7 17. Rc7 Rb8 18. Ke2 Qe8 19. Rhc1 e5 20. Nb3 d4 21. Bd2 Ngf6 22. Na5 e4 23. Kf1 exd3 24. Re1 Ne4 25. Qxd3 Ndf6 26. Bb4 Kg8 27. f3 Qe5 28. fxe4 Nxe4 29. Qxe4 Qxh2 0-1

[Event "SRB-CupT Central"]
[Site "Serbia"]
[Date "2013.04.26"]
[Round "5.8"]
[White "Lazic, Miodrag"]
[Black "Vasic, Vladimir"]
[Result "1/2-1/2"]
[WhiteElo "2013"]
[BlackElo "2188"]
[PlyCount "55"]
[EventDate "2013.03.24"]
[EventType "team-tourn"]
[EventRounds "8"]
[EventCountry "SRB"]
[SourceTitle "EXT 2018"]
[Source "ChessBase"]
[SourceDate "2017.10.13"]
[SourceVersion "1"]
[SourceVersionDate "2017.10.13"]
[SourceQuality "1"]

1. e4 e5 2. Nf3 Nc6 3. d4 exd4 4. Bc4 Nf6 5. e5 d5 6. Bb5 Ne4 7. Nxd4 Bd7 8. Bxc6 bxc6 9. 0-0 Be7 10. f3 Nc5 11. f4 0-0 12. f5 Bg5 13. Nc3 Re8 14. Bxg5 Qxg5 15. Qe2 Qe7 16. Rae1 Ne4 17. e6 Qc5 18. exd7 Qxd4+ 19. Qe3 Qxe3+ 20. Rxe3 Re7 21. Nxe4 dxe4 22. f6 Rxd7 23. Rxe4 g6 24. Rfe1 Kf8 25. Re7 Rd6 26. Rxc7 Rxf6 27. Rf1 Rxf1+ 28. Kxf1 1/2-1/2